000 00449nam a2200181Ia 4500
005 20240823063100.0
008 240823s9999||||xx |||||||||||||| ||und||
041 _aENGLISH
082 _A004.22 N6
100 _a"Flynn,Michael J"
245 0 _aComputer Architecture
250 _a1st
260 _c1996
_b"Narosa,New Delhi"
500 _aTRANSFERED
650 _aComputer Architecture
_bComputer Applications
942 _cBK
999 _c237405
_d237405